LEADER 00950nam0-2200301 --450 001 9910596199403321 005 20230308152312.0 010 $a978-88-449-1224-6 100 $a20221020d2020----kmuy0itay5050 ba 101 0 $aita 102 $aIT 105 $ay 001yy 200 1 $aDigital banking e FinTech$el'intermediazione finanziaria tra cambiamenti tecnologici e sfide di mercato$fVittorio Boscia, Cristiana Schena, Valeria Stefanelli (a cura di) 210 $aRoma$cBancaria$d2020 215 $a314 p.$d24 cm 225 1 $aBanca e mercati$v142 676 $a332.0285$v23$zita 702 1$aStefanelli,$bValeria 702 1$aBoscia,$bVittorio 702 1$aSchena,$bCristiana 801 0$aIT$bUNINA$gREICAT$2UNIMARC 901 $aBK 912 $a9910596199403321 952 $aVIII L 510$b2022/512$fFGBC 952 $aVIII L 510 bis$b2022/512$fFGBC 959 $aFGBC 996 $aDigital banking e FinTech$91806996 997 $aUNINA LEADER 00905nam0 22002531i 450 001 UON00287637 005 20231205103907.973 100 $a20070205d1961 |0itac50 ba 101 $apol 102 $aPL 105 $a|||| 1|||| 200 1 $aPotop$fHenryk Sienkiewicz 210 $aWarszawa$cPanstwowy Instytut Wydawniczy$d1961 215 $a3 v.$ctav.$d20 cm. 620 $aPL$dWarszawa$3UONL000573 676 $a891.85$cLetteratura polacca$v21 700 1$aSIENKIEWICZ$bHenryk$3UONV037450$0440643 712 $aPanstwowy Instytut Wydawniczy$3UONV266283$4650 801 $aIT$bSOL$c20240220$gRICA 899 $aSIBA - SISTEMA BIBLIOTECARIO DI ATENEO$2UONSI 912 $aUON00287637 950 $aSIBA - SISTEMA BIBLIOTECARIO DI ATENEO$dSI POLACCO A SIE 0001 $eSI SL 798 5 0001 996 $aPotop$91249907 997 $aUNIOR